000 01570cab a2200409 4500
001 ##L132016
008 051221n2005 000 0 eng u
035 _a(Sirsi) u132016
041 0 _aeng
100 1 _aMurdoch, Sandi
245 0 0 _aChristmas medley
260 _c2005
490 0 _aEstates Gazette
_v(0550) 17 December 2005, 88-89(2)
520 _aReviews the key cases determined in 2005 covering human rights and adverse possession, assignment and subletting, the Landlord and Tenant 1954, residential tenancies, agency and valuers and surveyors.
590 _aIKA030106
650 2 4 _aLANDLORD AND TENANT ACT 1954
650 2 4 _aBEAULANE PROPERTIES LTD V PALMER
650 2 4 _aAVONRIDGE PROPERTY CO LTD V MASHRU
650 2 4 _aCLEAR CHANNEL UK LTD V MANCHESTER CITY COUNCIL
650 2 4 _aCHRISTIE OWEN AND DAVIES PLC V RYELANCE
650 2 4 _aCRESTFORT LTD V TESCO STORES LTD
650 2 4 _aDACRE SON AND HARTLEY LTD V NORTH YORKSHIRE TRADING STANDARDS
650 2 4 _aFELBER JUCKER AND CO LTD V SABRELEAGUE LTD
650 2 4 _aFOXTON LTD V THESLEFF AND ANOTHER
650 2 4 _aHAREFORD LTD V BARNET LBC
650 2 4 _aJ A PYE (OXFORD) LTD V GRAHAM
650 2 4 _aPYE (OXFORD) LTD & ANOR V UNITED KINGDOM
650 2 4 _aMAURICE AND OTHERS V HOLLO-WARE PRODUCTS LTD
650 2 4 _aNCR LTD V RIVERLAND PORTFOLIO NO 1 LTD
650 2 4 _aSMITH V ERIC S BUSH (A FIRM)
650 2 4 _aSMITH V TITANATE LTD
650 2 4 _aSTAGHOLD V TAKEDA
650 2 4 _aWILSON V D M HALL AND SONS
690 _aPROPERTY
700 1 _aMurdoch, John
942 _n0
999 _c76308
_d76308